| 000 | 00592nam a2200169 4500 | ||
|---|---|---|---|
| 999 |
_c12593 _d12593 |
||
| 008 | 240227b ||||| |||| 00| 0 eng d | ||
| 040 | _aBMS College of Architecture | ||
| 100 | _aM.Rakshanaa | ||
| 245 | _aTapas – Tritha ~ Generating the Soul Connection A Spiritual Retreat Hub, Tiruvannamalai | ||
| 300 | _a90p. | ||
| 500 | _aICF19AT053 | ||
| 502 |
_8B,Arch _NBMS College of Architecture, Visvesvaraya Technological University (VTU) _aProject report _d2023 |
||
| 650 | _a Spiritual Retreat Hub | ||
| 700 |
_aShubhra Pande _eGuide |
||
| 710 |
_aReshma Kamat _aGuide |
||
| 942 |
_2ddc _cTHE |
||